MARC details
| 000 -CABECERA |
| Campo de control de longitud fija |
02572nam a2200397 i 4500 |
| 001 - NÚMERO DE CONTROL |
| Campo de control |
991061768982106706 |
| 003 - IDENTIFICADOR DEL NÚMERO DE CONTROL |
| Campo de control |
ES-BaCBU |
| 005 - FECHA Y HORA DE LA ÚLTIMA TRANSACCIÓN |
| Campo de control |
20260622165914.0 |
| 008 - CÓDIGOS DE INFORMACIÓN DE LONGITUD FIJA |
| Campo de control de longitud fija |
260521s2026 spca 000 0 mul c |
| 017 ## - NÚMERO DE COPYRIGHT O DE DEPÓSITO LEGAL |
| Número de copyright o de depósito legal |
DL B 9242-2026 |
| Agencia que asigna el número |
Biblioteca de Catalunya |
| 020 ## - NÚMERO INTERNACIONAL NORMALIZADO PARA LIBROS (ISBN) |
| Número Internacional Normalizado para Libros (ISBN) |
9788491567110 |
| 035 ## - NÚMERO DE CONTROL DEL SISTEMA |
| Número de control del sistema |
(ES-BaIED)9711 |
| 040 ## - FUENTE DE LA CATALOGACIÓN |
| Centro catalogador de origen |
ES-BaMAA |
| Lengua de catalogación |
cat |
| Normas de descripción |
rda |
| Centro transcriptor |
ES-BaIED |
| 041 ## - CÓDIGO DE LENGUA |
| Código de lengua del texto/banda sonora o título independiente |
cat |
| -- |
spa |
| -- |
eng |
| 245 00 - MENCIÓN DE TÍTULO |
| Título |
Seny i rauxa : |
| Resto del título |
notícia de l'arquitectura catalana = noticia de la arquitectura catalana = an account of catalan architecture / |
| Mención de responsabilidad etc. |
Carme Ribas i Seix, Joan Roig i Duran ; coordinació editorial, Patrícia Altimira Ávalos |
| 246 31 - VARIANTES DE TÍTULO |
| Título propio / Titulo en breve |
Seny i rauxa : |
| Resto de título |
noticia de la arquitectura catalana |
| 246 31 - VARIANTES DE TÍTULO |
| Título propio / Titulo en breve |
Seny i rauxa : |
| Resto de título |
an account of catalan architecture |
| 264 #1 - PRODUCTION, PUBLICATION, DISTRIBUTION, MANUFACTURE, AND COPYRIGHT NOTICE |
| Lugar de producción publicación distribución fabricación |
Barcelona : |
| Nombre del de productor editor distribuidor fabricante |
Ajuntament de Barcelona : |
| -- |
Disseny Hub Barcelona, |
| Fecha de de producción publicación distribución fabricación o copyright |
[2026] |
| 300 ## - DESCRIPCIÓN FÍSICA |
| Extensión |
293 pàgines : |
| Otras características físicas |
il·lustracions ; |
| Dimensiones |
20 cm |
| 336 ## - TIPO DE CONTENIDO |
| Término de tipo de contenido |
text |
| Código de tipo de contenido |
txt |
| Fuente |
rdacontent |
| 337 ## - TIPO DE MEDIO |
| Nombre del tipo de medio |
sense mediació |
| Código del tipo de medio |
n |
| Fuente |
rdamedia |
| 338 ## - TIPO DE SOPORTE |
| Nombre del tipo de soporte |
volum |
| Código del tipo de soporte |
nc |
| Fuente |
rdacarrier |
| 505 8# - NOTA DE CONTENIDO CON FORMATO |
| Nota de contenido con formato |
Conté: |
| Título |
Introducció / |
| Mención de responsabilidad |
Mireia Escobar -- |
| Título |
Notícia de l'arquitectura catalana / |
| Mención de responsabilidad |
Carme Ribas i Seix ; Joan Roig i Duran -- |
| Título |
L'arquitectura catalana / |
| Mención de responsabilidad |
Alexandre Cirici -- |
| Título |
Notícia de Catalunya / |
| Mención de responsabilidad |
Jaume Vicens Vives -- |
| Título |
Les formes de la vida catalana / |
| Mención de responsabilidad |
Josep Ferrater Mora -- |
| Título |
No son genis el que necessitem ara / |
| Mención de responsabilidad |
José Antonio Coderch de Sentmenat -- |
| Título |
Una possible "Escola de Barcelona" / |
| Mención de responsabilidad |
Oriol Bohigas Guardiola -- |
| Título |
Frustració i rearmament / |
| Mención de responsabilidad |
Helio Piñón -- |
| Título |
Arquitectura catalana 1990 / |
| Mención de responsabilidad |
Ignasi de Solà-Morales i Rubió -- |
| Título |
Roger de Llúria 35 / |
| Mención de responsabilidad |
Josep Quetglas Riusech -- |
| Título |
Seny i rauxa, una exposició / |
| Mención de responsabilidad |
Carme Ribas i Seix ; Joan Roig i Duran -- |
| Título |
Annex il·lustrat -- |
| -- |
Sentit i sensibilitat / |
| Mención de responsabilidad |
Xavier Monteys Roig -- |
| Título |
Per fi una dialèctica possible / |
| Mención de responsabilidad |
Àngela Molina Climent |
| 546 ## - NOTA DE LENGUA |
| Nota de lengua |
Text en català, castellà i anglès |
| 650 #7 - PUNTO DE ACCESO ADICIONAL DE MATERIA - TÉRMINO DE MATERIA |
| Término de materia o nombre geográfico como elemento inicial |
Arquitectura |
| Fuente del encabezamiento o término |
lemac |
| Subdivisión geográfica |
Catalunya |
| Subdivisión de materia general |
Història |
| Subdivisión de forma |
Exposicions |
| 9 (RLIN) |
4392 |
| 650 #7 - PUNTO DE ACCESO ADICIONAL DE MATERIA - TÉRMINO DE MATERIA |
| Término de materia o nombre geográfico como elemento inicial |
Arquitectura catalana |
| Fuente del encabezamiento o término |
lemac |
| Subdivisión de materia general |
Història |
| Subdivisión de forma |
Exposicions |
| 9 (RLIN) |
4432 |
| 700 1# - PUNTO DE ACCESO ADICIONAL - NOMBRE DE PERSONA |
| Nombre de persona |
Ribas, Carme, |
| Término indicativo de función |
editor literari |
| 700 1# - PUNTO DE ACCESO ADICIONAL - NOMBRE DE PERSONA |
| Nombre de persona |
Roig i Duran, Joan, |
| Término indicativo de función |
editor literari |
| 700 1# - PUNTO DE ACCESO ADICIONAL - NOMBRE DE PERSONA |
| Nombre de persona |
Altimira, Patrícia, |
| Término indicativo de función |
editor literari |
| 710 1# - PUNTO DE ACCESO ADICIONAL - NOMBRE DE ENTIDAD |
| Nombre de entidad o nombre de jurisdicción como elemento inicial |
Barcelona (Catalunya). |
| Unidad subordinada |
Ajuntament, |
| Término indicativo de función |
entitat editora |
| 710 1# - PUNTO DE ACCESO ADICIONAL - NOMBRE DE ENTIDAD |
| Nombre de entidad o nombre de jurisdicción como elemento inicial |
Disseny Hub Barcelona, |
| Término indicativo de función |
entitat editora |
| -- |
institució d'acollida |
| 908 ## - PUT COMMAND PARAMETER (RLIN) |
| Put command parameter |
DHUB |
| -- |
COAC |
| -- |
BCNexplor@ |
| -- |
LCI |
| -- |
IED |
| 940 ## - EQUIVALENCE OR CROSS-REFERENCE--UNIFORM TITLE [OBSOLETE] [CAN/MARC ONLY] |
| Uniform title |
<a href="DHUB">DHUB</a> |
| 942 ## - ENTRADA PARA ELEMENTOS AGREGADOS (KOHA) |
| Fuente de clasificación o esquema de ordenación en estanterías |
Universal Decimal Classification |
| Koha [por defecto] tipo de item |
Llibre |